Anuncio de la próxima conclusión de un tratado de paz perpetua en la filosofía
Guardat en:
| Format: | Llibre |
|---|---|
| Idioma: | espanyol alemany |
| Publicat: |
Madrid
Ediciones Encuentro
2004
|
| Col·lecció: | Opuscula Philosophica, 9
|
| Matèries: | |
| Etiquetes: |
Afegir etiqueta
Sense etiquetes, Sigues el primer a etiquetar aquest registre!
|
MARC
| LEADER | 00000nam a2200000 a 4500 | ||
|---|---|---|---|
| 001 | UCG6132 | ||
| 003 | CL-VaPUC | ||
| 005 | 20210515001844.0 | ||
| 008 | 110407e20040000SP |||||||||||||||||spa|d | ||
| 999 | |c 344419 |d 344417 | ||
| 020 | |a 847490725X | ||
| 040 | |c Pontificia Universidad Católica de Valparaíso | ||
| 041 | 0 | 7 | |a spa |2 CL-VaPUC |
| 041 | 0 | 7 | |a ger |2 CL-VaPUC |
| 082 | 0 | 4 | |a 142.3 |b KAN |2 21 |
| 245 | 1 | 0 | |a Anuncio de la próxima conclusión de un tratado de paz perpetua en la filosofía |
| 260 | |a Madrid |b Ediciones Encuentro |c 2004 | ||
| 300 | |a 43 p | ||
| 490 | 0 | |a Opuscula Philosophica, 9 | |
| 500 | |a Edición bilingüe de Rogelio Rovira | ||
| 583 | |a last modification |c 20110407 00:00:00 |k Rodrigo Vera | ||
| 650 | 0 | |a Filosofía alemana |9 265002 | |
| 650 | 0 | |a Metafísica |9 265649 | |
| 650 | 7 | |a FILOSOFIA SIGLO 18 |2 CL-VaPUC |9 325041 | |
| 650 | 0 | |a Ontología |9 256850 | |
| 852 | |a BIBCUR | ||
| 942 | |c BK |2 ddc | ||
| 945 | |d 20110407 00:00:00 |a dcastane | ||
| 952 | |0 0 |1 0 |4 0 |6 142_300000000000000_KAN_2004 |7 0 |8 A |9 442384 |a BIBEDU |b BIBEDU |d 2019-11-22 |i 4765451 |o 142.3 KAN 2004 |p 4765451 |r 2019-11-22 |w 2019-11-22 |y BK |k FIL | ||